Á lódáil...
| LEADER | 00493nam a2200157Ia 4500 | ||
|---|---|---|---|
| 008 | 150624b xxu||||| |||| 00| d hin d | ||
| 082 | |a 862.8S2 | ||
| 100 | |a Revathi Saran Sharma | ||
| 245 | |c Revathi Saran Sharma |a Deepashikha / | ||
| 260 | |a Delhi : |b N P H , |c 1973. | ||
| 300 | |a 91 p. | ||
| 546 | |a In Hindi. | ||
| 650 | |v Drama | ||
| 942 | |c BK | ||
| 999 | |c 90773 |d 90773 | ||
| 952 | |0 0 |1 0 |4 0 |6 862_000000000000000_8S2_DEE_H |7 0 |9 90715 |a UL |b UL |c ST2 |d 1998-09-15 |l 0 |o 862.8S2 DEE H |p 32434 |r 2012-10-27 |w 2012-10-27 |y BK | ||